banner koha

Manual de fiscalização de insumos agrícolas: agrotóxicos, seus componentes e afins (Registro n. 9390)

MARC details
000 -LÍDER
Campo de controle fixo 01114nam a22003257a 4500
001 - NÚMERO DE CONTROLE
Número de controle BR2023000712
003 - CÓDIGO MARC DA AGÊNCIA CATALOGADORA
Campo de controle BR-BrBNA
005 - DATA E HORA DA ÚLTIMA ATUALIZAÇÃO
Campo de controle 20250203151518.0
008 - CAMPO DE TAMANHO FIXO
Campo fixo de controle 230615b bl.||||| |||| 00| 0 por d
040 ## - FONTE DA CATALOGAÇÃO
Agência catalogadora BR-BrBNA
Idioma da catalogação por
041 ## - CÓDIGO DO IDIOMA
Código do Idioma por
072 ## - CATEGORIA AGRIS
Código da categoria de assunto D50 ; H01 ; L70
090 ## - NÚMERO DE CHAMADA
Número de Chamada D50 BR2023000712
110 ## - ENTRADA PRINCIPAL - ENTIDADE
Nome da entidade ou lugar Ministério da Agricultura, Pecuária e Abastecimento, Brasília, DF (Brazil). Secretaria de Defesa Agropecuária
245 ## - TÍTULO PRINCIPAL
Título principal Manual de fiscalização de insumos agrícolas: agrotóxicos, seus componentes e afins
260 ## - IMPRENTA (PUBLICAÇÃO, DISTRIBUIÇÃO, ETC.)
Lugar de publicação, distribuição, etc. Brasília, DF (Brazil)
Data de publicação, distribuição, etc 2012
300 ## - DESCRIÇÃO FÍSICA
Extensão 225 p.
500 ## - NOTA GERAL
Notas gerais 15 ref.; 11 tables
650 ## - ASSUNTO - THESAGRO
Cabeçalho tópico ou nome geográfico LEGISLAÇÃO
650 ## - ASSUNTO - THESAGRO
Cabeçalho tópico ou nome geográfico DEFESA VEGETAL
650 ## - ASSUNTO - THESAGRO
Cabeçalho tópico ou nome geográfico DEFESA FITOSSANITÁRIA
650 ## - ASSUNTO - THESAGRO
Cabeçalho tópico ou nome geográfico DEFESA ANIMAL
650 ## - ASSUNTO - THESAGRO
Cabeçalho tópico ou nome geográfico HIGIENE VETERINÁRIA
650 ## - ASSUNTO - THESAGRO
Cabeçalho tópico ou nome geográfico AGROTÓXICO
650 ## - ASSUNTO - THESAGRO
Cabeçalho tópico ou nome geográfico INSUMO
650 ## - ASSUNTO - THESAGRO
Cabeçalho tópico ou nome geográfico INSPEÇÃO SANITÁRIA
856 ## - ACESSO E ENDEREÇO ELETRÔNICO
Identificador uniforme de recurso - URI https://repositorio-dspace.agricultura.gov.br/bitstream/1/5278/1/MANUAL%20DE%20FISCALIZA%c3%87%c3%83O-AGROTOXICO%20SEUS%20COMPONENTES%20E%20FINS%20%281%29.pdf
909 ## - IDENTIFICAÇÃO DO CATALOGADOR
Ano e mês da catalogação (aaaamm) 202306
Identificação do catalogador Fernando
942 ## - TIPO ESPECÍFICO
Tipo de material Livros
952 ## - LOCATION AND ITEM INFORMATION (KOHA)
-- 2023-06-15
Exemplares
Status de empréstimo Fonte de classificação Status de danificação Não pode ser emprestado Código da coleção Localização permanente Localização atual Localização na estante Total Checkouts Número de chamada Código de barras Tipo de material
  Classificação AGRIS     Agrobase Biblioteca Nacional de Agricultura - Binagri Biblioteca Nacional de Agricultura - Binagri Agrobase - Acervo Geral   D50 BR2023000712 2023-435771 Livros

BINAGRI

Telefone: (61)3218-2567/2388/3357/2097 - binagri@agro.gov.br

Ministério da Agricultura e Pecuária , Esplanada dos Ministérios, Bloco D, Anexo B, Brasília/DF, CEP: 70.043-900